000 02373nam a2200433 a 4500
003 BLK
005 20250710093058.0
008 180408b bul|||||r ||||||| ||bul||
020 _a978-954-26-0913-1
040 _aBLK
041 _aBUL
_cBUL
080 _aИндивидуална психология. Психология на личността. Индивидуалност. Психология на характера. Характерология. Психологическа типология
_b159.923
_x(02.062)
_z159.923(02.062)
080 _aСоциално поведение. Социална психология
_b316.6
_x(02.062)
_z316.6(02.062)
080 _aМеждуличностни отношения. Социални отношения (на сближаване, на отбягване, смесени, подражание, привличане и влияние) Вж и 316. 455
_b316.47
_x(02.062)
_z316.47(02.062)
100 1 _aЛоундз, Лейл
_989662
245 1 0 _aИзкуството на общуването
_b96 малки хитрини за печелене на симпатии
_cЛейл Лоундз ; прев. от англ. Ангелин Мичев.
257 _aUSA
260 _aПловдив
_bХермес
_c2010
_fХасково : Полиграфюг
300 _a336 с.
_c21 см
380 _a1
490 _aПсихология за всеки ден
500 _aОриг. загл. How to Instantly Connect with Anyone: 96 all new little tricks for big success in relationships / Leil Lowndes. - Библиогр. с. 332-335.
650 4 _aЛичност - психология
_9243160
650 4 _aПоведение - психология
_9256525
653 _aпсихология на личността
653 _aповедение
653 _aобщуване
653 _aкомуникационни умения
653 _aповеденческа психология
700 1 _aМичев, Ангелин Димитров
_998175
852 _aЦб 250405
856 4 _qpdf
856 4 _qpdf
942 _cKNG
_n0
_072
944 _aCR
_c16.12.2010
_lЦветомила Тодорова
_k30576
944 _aED
_c03.02.2017
_lф /
_kЛюдмила_Стоянова
999 _c93999
_d93999
999 _d93999